Nota Kursus Ulangan Penolong Pegawai Penilaian 16.11.87 - 28.11.87

Bibliographic Details
Format: Book
Subjects:

MARC

LEADER 00000cam a2200000 7i4500
001 0000006574
005 20000209.0
040 |a INS 
090 0 0 |a AVO8 
245 0 0 |a Nota Kursus Ulangan Penolong Pegawai Penilaian 16.11.87 - 28.11.87 
650 0 0 |a Penolong Pegawai Penilaian 
999 |a AVO0000014   |b BOOK   |c Course Notes   |e Default branch 
999 |a AVO0000292   |b BOOK   |c Course Notes   |e Default branch